Koza Rohatá a iné rozprávky (Record no. 19966)
[ view plain ]
| 000 -LEADER | |
|---|---|
| fixed length control field | 01269nam a22004093 4500 |
| 001 - CONTROL NUMBER | |
| control field | 19966 |
| 003 - CONTROL NUMBER IDENTIFIER | |
| control field | SK-KTurca |
| 005 - DATE AND TIME OF LATEST TRANSACTION | |
| control field | 20251219180354.0 |
| 008 - FIXED-LENGTH DATA ELEMENTS--GENERAL INFORMATION | |
| fixed length control field | 190301s2018 xo a g 000 p slo d |
| 020 ## - INTERNATIONAL STANDARD BOOK NUMBER | |
| International Standard Book Number | 9788080469078 |
| Qualifying information | (viazané) |
| 035 ## - SYSTEM CONTROL NUMBER | |
| System control number | a000632091 |
| 040 ## - CATALOGING SOURCE | |
| Original cataloging agency | UKB |
| Language of cataloging | slo |
| Modifying agency | UKB |
| Description conventions | rda |
| 041 0# - LANGUAGE CODE | |
| Language code of text/sound track or separate title | slo |
| 044 ## - COUNTRY OF PUBLISHING/PRODUCING ENTITY CODE | |
| MARC country code | xo |
| ISO country code | SK |
| 072 #7 - SUBJECT CATEGORY CODE | |
| Subject category code | 821.162.4-1 |
| Subject category code subdivision | Slovenská poézia |
| Source | konspekt |
| 072 #7 - SUBJECT CATEGORY CODE | |
| Subject category code | 821-93 |
| Subject category code subdivision | Literatúra pre deti a mládež (beletria) |
| Source | konspekt |
| 080 ## - UNIVERSAL DECIMAL CLASSIFICATION NUMBER | |
| Universal Decimal Classification number | 821.162.4-1 |
| Edition identifier | 2011 |
| 080 ## - UNIVERSAL DECIMAL CLASSIFICATION NUMBER | |
| Universal Decimal Classification number | 821.162.4-34 |
| Edition identifier | 2011 |
| 080 ## - UNIVERSAL DECIMAL CLASSIFICATION NUMBER | |
| Universal Decimal Classification number | (0:82-1) |
| Edition identifier | 2011 |
| 080 ## - UNIVERSAL DECIMAL CLASSIFICATION NUMBER | |
| Universal Decimal Classification number | (0:82-34) |
| Edition identifier | 2011 |
| 080 ## - UNIVERSAL DECIMAL CLASSIFICATION NUMBER | |
| Universal Decimal Classification number | 821-93 |
| Edition identifier | 2011 |
| 100 1# - MAIN ENTRY--PERSONAL NAME | |
| Personal name | Rúfus, Milan, |
| Dates associated with a name | 1928-2009 |
| Relationship | aut |
| 245 10 - TITLE STATEMENT | |
| Title | Koza Rohatá a iné rozprávky |
| Statement of responsibility, etc. | Milan Rúfus ; ilustroval Peter Uchnár |
| 250 ## - EDITION STATEMENT | |
| Edition statement | Prvé vydanie |
| 264 #1 - PRODUCTION, PUBLICATION, DISTRIBUTION, MANUFACTURE, AND COPYRIGHT NOTICE | |
| Place of production, publication, distribution, manufacture | Bratislava |
| Name of producer, publisher, distributor, manufacturer | Perfekt |
| Date of production, publication, distribution, manufacture, or copyright notice | 2018 |
| 300 ## - PHYSICAL DESCRIPTION | |
| Extent | 84 strán |
| Other physical details | ilustrácie |
| 336 ## - CONTENT TYPE | |
| Content type term | text |
| Content type code | txt |
| Source | rdacontent |
| 337 ## - MEDIA TYPE | |
| Media type term | bez média |
| Media type code | n |
| Source | rdamedia |
| 338 ## - CARRIER TYPE | |
| Carrier type term | zväzok |
| Carrier type code | nc |
| Source | rdacarrier |
| 655 #7 - INDEX TERM--GENRE/FORM | |
| Genre/form data or focus term | slovenská poézia |
| Source of term | UKBPH |
| 655 #7 - INDEX TERM--GENRE/FORM | |
| Genre/form data or focus term | slovenské rozprávky |
| Source of term | UKBPH |
| 655 #7 - INDEX TERM--GENRE/FORM | |
| Genre/form data or focus term | publikácie pre deti |
| Source of term | UKBPH |
| 700 1# - ADDED ENTRY--PERSONAL NAME | |
| Personal name | Uchnár, Peter, |
| Dates associated with a name | 1970- |
| Relationship | ill |
| 982 ## - EQUIVALENCE OR CROSS-REFERENCE-SERIES STATEMENT--CONFERENCE OR MEETING NAME/TITLE [LOCAL, CANADA] | |
| Meeting name or jurisdiction name as entry element | DL |
| 942 ## - ADDED ENTRY ELEMENTS (KOHA) | |
| Source of classification or shelving scheme | Dewey Decimal Classification |
| Koha item type | Krásna literatúra pre deti |
| Suppress in OPAC | No |
| 980 ## - EQUIVALENCE OR CROSS-REFERENCE-SERIES STATEMENT--PERSONAL NAME/TITLE [LOCAL, CANADA] | |
| Personal name | Perfekt, a.s., Cukrová 14, 811 08 Bratislava |
| Stav vyradenia | Strata | Poškodenie | Spôsob nadobudnutia | Domovská knižnica | Aktuálna knižnica | Dátum nadobudnutia | Cena | Total checkouts | Čiarový kód exemplára | Date last seen | Date last checked out | Typ exemplára |
|---|---|---|---|---|---|---|---|---|---|---|---|---|
| Kúpa | Obecná knižnica Diaková | Obecná knižnica Diaková | 19.12.2025 | 7.35 | 1 | 4734501471 | 24.04.2026 | 24.04.2026 | Krásna literatúra pre deti |
